La función Delta / (Record no. 193307)

MARC details
000 -LEADER
campo de control de longitud fija 01885nam a2200397 i 4500
001 - NÚMERO DE CONTROL
campo de control 193307
003 - IDENTIFICADOR DE NÚMERO DE CONTROL
campo de control SpMaBN
005 - FECHA Y HORA DE LA ÚLTIMA TRANSACCIÓN
campo de control 20250804062656.0
007 - CAMPO FIJO DE DESCRIPCIÓN FÍSICA--INFORMACIÓN GENERAL
campo de control de longitud fija ta
008 - DATOS DE LONGITUD FIJA--INFORMACIÓN GENERAL
campo de control de longitud fija 231102s2009 sp | |||| 000 f spa
017 ## - NÚMERO DE COPYRIGHT O DE DEPÓSITO LEGAL
Número de copyright o de depósito legal B 9451-2009
Agencia que asigna Oficina Depósito Legal Barcelona
020 ## - NÚMERO INTERNACIONAL ESTÁNDAR DEL LIBRO
Número Internacional Estándar del Libro 9788466322850
035 ## - NÚMERO DE CONTROL DEL SISTEMA
Número de control de sistema (OCoLC)733796035
035 ## - NÚMERO DE CONTROL DEL SISTEMA
Número de control de sistema a4463260
040 ## - FUENTE DE CATALOGACIÓN
Centro catalogador/agencia de origen SpMaBN
Lengua de catalogación spa
Centro/agencia transcriptor SpMaBN
Normas de descripción rdc
Centro/agencia modificador ES-MaACL
080 ## - NÚMERO DE LA CLASIFICACIÓN DECIMAL UNIVERSAL
Número de la Clasificación Decimal Universal 821.134.2-31"19"
100 1# - ENTRADA PRINCIPAL--NOMBRE DE PERSONA
Nombre de persona Montero, Rosa,
Fechas asociadas al nombre 1951-
Número de control del registro de autoridad o número normalizado XX968899
Término indicativo de función/relación Autor
9 (RLIN) 82503
245 13 - MENCIÓN DEL TÍTULO
Título La función Delta /
Mención de responsabilidad, etc. Rosa Montero
250 ## - MENCION DE EDICION
Mención de edición Primera edición: abril 2009
260 ## - PUBLICACIÓN, DISTRIBUCIÓN, ETC.
Lugar de publicación, distribución, etc. [Madrid] :
Nombre del editor, distribuidor, etc. Punto de Lectura,
Fecha de publicación, distribución, etc. 2009
300 ## - DESCRIPCIÓN FÍSICA
Extensión 349 páginas ;
Dimensiones 19 cm
336 ## - TIPO DE CONTENIDO
Fuente rdacontent
Término de tipo de contenido Texto
337 ## - TIPO DE MEDIO
Fuente rdamedia
Nombre/término del tipo de medio sin mediación
338 ## - TIPO DE SOPORTE
Fuente rdacarrier
Nombre/término del tipo de soporte volumen
490 1# - MENCIÓN DE SERIE
Mención de serie Punto de lectura ;
Designación de volumen o secuencia 14/9
520 ## - RESUMEN, ETC.
Sumario, etc. La "función Delta" es una misteriosa ley de la compensación, tomada de la física cuántica, que permite a los seres humanos pasar de un desamor a otro sin que esos inexplicables eclipses destruyan la vida de relación. La veremos aplicada a la historia de una mujer, Lucía, centrada en dos momentos fundamentales de su vida: a los treinta años y en el año 2010, cuando cumple los sesenta. Una parábola narrativa y acaso una profecía hacia la que avanzamos de modo inevitable.
655 #0 - TERMINO DE INDIZACIÓN--GENERO/FORMA
Datos o término principal de género/forma Novelas
9 (RLIN) 234319
830 ## - PUNTO DE ACCESO ADICIONAL DE SERIE-TÍTULO UNIFORME
Título uniforme Punto de lectura
Designación de volumen o secuencia 14/9
9 (RLIN) 184240
852 ## - LOCALIZACIÓN
Ubicación ES-MaACL
itemnumber 200747
Sublocalización o colección R.154719
Número de control de estantería N-9493
Ubicación en estantería Depósito J
Donativo/Legado Donación: Rosa Montero
Anotaciones manuscritas Dedicatoria autógrafa de la autora
Encuadernación Encuadernación rústica
903 ## - NOMBRE PERSONAL DE DONANTE
a Montero, Rosa,
d 1951-
e Donante
9 82503
942 ## - ELEMENTOS DE ENTRADA SECUNDARIOS (KOHA)
Suprimir en OPAC No
Tipo de ítem Koha Libro impreso
Holdings
Estatus retirado Estado de pérdida Fuente del sistema de clasificación o colocación Estado de daño No para préstamo Colección Biblioteca de origen Biblioteca actual Ubicación en estantería Fecha de adquisición Fuente de adquisición Número de control de estantería Total de préstamos Signatura topográfica completa Código de barras Visto por última vez Tipo de ítem Koha Nota pública
    Clasificación decimal universal     Libros con dedicatorias Biblioteca del Ateneo de Madrid Biblioteca del Ateneo de Madrid Depósito J 02/11/2023 Donación Ateneísta   N-9493 101206036 02/11/2023 Libro impreso Dedicatoria autógrafa de la autora